Statistics for Countries King Olav V visited

Click here to take the quiz!

General Stats

  • This quiz has been taken 20 times
  • The average score is 20 of 25

Answer Stats

ContinentCountry% Correct
South AmericaArgentina
100%
EuropeAustria
100%
EuropeBelgium
100%
South AmericaBrazil
100%
North AmericaCanada
100%
EuropeDenmark
100%
EuropeFinland
100%
EuropeFrance
100%
EuropeGermany
100%
EuropeUnited Kingdom
100%
North AmericaUnited States of America
100%
South AmericaChile
94%
AsiaJapan
88%
EuropePortugal
88%
EuropeSpain
81%
EuropeSweden
81%
EuropeSwitzerland
81%
Europethe Netherlands
81%
AfricaEthiopia
75%
EuropeLuxembourg
69%
EuropeIceland
63%
AsiaIran
50%
AsiaThailand
38%
AfricaTunisia
38%
EuropeYugoslavia
19%

Score Distribution

Percentile by Number Answered

Percent of People with Each Score

Your Score History

You have not taken this quiz